الحناكية(نخل) : (رقم التسجيلة. 118068)

تفاصيل مارك
000 -LEADER
fixed length control field 01031nam a2200289 a 4500
003 - CONTROL NUMBER IDENTIFIER
control field EG-GiCUC
008 - FIXED-LENGTH DATA ELEMENTS--GENERAL INFORMATION
fixed length control field 100304s2006 su a g 000 0 ara d
017 ## - COPYRIGHT OR LEGAL DEPOSIT NUMBER
Copyright or legal deposit number 1427 / 3438
020 ## - INTERNATIONAL STANDARD BOOK NUMBER
International Standard Book Number 9960529657
040 ## - CATALOGING SOURCE
Original cataloging agency EG-GiCUC
Language of cataloging ara
Transcribing agency EG-GiCUC
043 ## - GEOGRAPHIC AREA CODE
Geographic area code a-su---
092 04 - LOCALLY ASSIGNED DEWEY CALL NUMBER (OCLC)
Classification number 307.7609531
Item number M9539
Edition number 21
099 ## - LOCAL FREE-TEXT CALL NUMBER (OCLC)
Classification number 04
-- 307.7609531 M9539
100 1# - MAIN ENTRY--PERSONAL NAME
Personal name المخلفى : محمد بن مسعد بن صقر
245 12 - TITLE STATEMENT
Title الحناكية(نخل) :
Remainder of title تاريخها : جغرافيتها : آثارها /
Statement of responsibility, etc. تأليف محمد بن مسعد بن صقر المخلفى
250 ## - EDITION STATEMENT
Edition statement
260 ## - PUBLICATION, DISTRIBUTION, ETC.
Place of publication, distribution, etc. الرياض :
Name of publisher, distributor, etc. م.م.ن صقر المخلفى :
Date of publication, distribution, etc. 2006
300 ## - PHYSICAL DESCRIPTION
Extent 224ص :
Other physical details ؛ايض
Dimensions 24سم
504 ## - BIBLIOGRAPHY, ETC. NOTE
Bibliography, etc. note يشتمل على ارجاعات ببليوجرافية (ص220-221)
650 #7 - SUBJECT ADDED ENTRY--TOPICAL TERM
Topical term or geographic name entry element المدن
Geographic subdivision السعودية
Source of heading or term qrmak
651 #7 - SUBJECT ADDED ENTRY--GEOGRAPHIC NAME
Geographic name الحناكية(السعودية)
General subdivision تاريخ
Source of heading or term qrmak
902 ## - LOCAL DATA ELEMENT B, LDB (RLIN)
No. of Items 1
905 ## - LOCAL DATA ELEMENT E, LDE (RLIN)
Cataloger رضا
Reviser مدخل
905 ## - LOCAL DATA ELEMENT E, LDE (RLIN)
Reviser مراجع
942 ## - ADDED ENTRY ELEMENTS (KOHA)
Source of classification or shelving scheme Dewey Decimal Classification
Koha item type Books
المقتنيات
Source of classification or shelving scheme Not for loan Home library Current library Date acquired Full call number Barcode Date last seen Copy number Koha item type
Dewey Decimal Classification   المكتبة المركزبة الجديدة - جامعة القاهرة قاعة الكتب - الدور الثاني 11.02.2024 307.7609431 M9539 01000100127477000 23.09.2023 C.1 Books
Cairo University Libraries Portal Implemented & Customized by: Eng. M. Mohamady Contacts: new-lib@cl.cu.edu.eg | cnul@cl.cu.edu.eg
CUCL logo CNUL logo
© All rights reserved — Cairo University Libraries
CUCL logo
Implemented & Customized by: Eng. M. Mohamady Contact: new-lib@cl.cu.edu.eg © All rights reserved — New Central Library
CNUL logo
Implemented & Customized by: Eng. M. Mohamady Contact: cnul@cl.cu.edu.eg © All rights reserved — Cairo National University Library